Trivia (Easy) - Statistics

General Stats
  • This quiz has been taken 42 times
  • The average score is 11 of 15
Answer Stats
Hint Answer % Correct
Which country has the best military? USA
100%
Which country has the largest McDonald's chain? USA
100%
Where is the Great Wall of China located? China
97%
Which city is deemed "The City of Love?" Paris
80%
What is the largest country? Russia
80%
What is the most visited website? Google
74%
Who created Facebook? Mark Zuckerburg
74%
What is the largest city in the U.S.? New York
74%
What is the smallest country? Vatican City
74%
Which country has the most tourism? France
71%
Who is the richest person? Elon Musk
66%
What is the most famous school? Harvard
63%
What is the largest island? Greenland
60%
What is the richest state in the U.S. by GDP per capita? California
54%
Which country hosted the 2022 World Cup? Qatar
54%
No matching quizzes found
Score Distribution
Percent of People with Each Score
Percentile by Number Answered
Your Score History
You have not taken this quiz